Halil Posbıyık çocuklara sevgiyi barışı dostluğu anlatıyor=Halil Posbıyık talks about love peace friendship to the children (Record no. 6428)
[ view plain ]
| 000 -BAŞLIK | |
|---|---|
| Sabit Uzunlukta Kontrol Alanı | 01022na a2200277 4500 |
| 001 - KONTROL NUMARASI | |
| Denetim Alanı | 18865 |
| 003 - KONTROL NUMARASI IDENTIFIER | |
| Denetim Alanı | MIRAKIL |
| 005 - SON İŞLEM TARİHİ VE ZAMANI | |
| Denetim Alanı | 20181213155107.0 |
| 008 - SABİT-BOY VERİ ELEMANLARI - GENEL BİLGİLER | |
| Sabit Uzunlukta Kontrol Alanı | 161215b tu 000 0 |
| 020 ## - ULUSLARARASI STANDART KİTAP NUMARASI | |
| Uluslararası Standart Kitap Numarası | 9786056111105 |
| 040 ## - KATALOGLAMA KAYNAK | |
| Orijinal Kataloglama Ajansı | Milas |
| Kataloglama Dili | tur |
| Metne Dönüştürmek Ajansı | TR-AnCHP |
| 041 ## - DİL KODU | |
| Metin / Ses Parça Veya Ayrı Başlığın Dil Kodu | tur |
| -- | eng |
| 082 ## - DEWEY ONLU SINIFLANDIRMA NUMARASI | |
| Sınıflandırma Numarası | 649.5 |
| Ürün Numarası | H24 2010 |
| 090 ## - SINIFLAMA NUMARASI | |
| Sınıflama Numarası | 649.5 H24 2010 |
| 245 ## - BAŞLIK TABLOSU | |
| Başlık | Halil Posbıyık çocuklara sevgiyi barışı dostluğu anlatıyor=Halil Posbıyık talks about love peace friendship to the children |
| 246 ## - UNVAN FORM VARYING | |
| Başlık Doğru / Kısa Başlığı | Halil Posbıyık talks about love peace friendship to the children |
| 260 ## - YAYIN, DAĞITIM, VB | |
| Yayın, Dağıtım, Vb Yeri | Ereğli |
| Yayıncı, Dağıtıcı, Vs Adı | Karadeniz Ereğli Belediyesi |
| Yayın, Dağıtım, Vb Tarihi | 2010 |
| 300 ## - FİZİKSEL TANIM | |
| Kapsam | [28 s.] |
| Diğer Fiziksel Ayrıntıları | res. |
| Boyutlar | 20 sm. |
| 500 ## - GENEL NOT | |
| Genel Not | Metinler Türkçe-İngilizce karşılıklıdır. |
| 500 ## - GENEL NOT | |
| Genel Not | Eser Karadeniz Ereğli Belediyesi'nin 5. kültür hizmetidir. |
| 600 ## - KONU KATMA GİRİŞ - KURUMSAL ADI | |
| Kişisel Ad | Posbıyık, Halil |
| 650 ## - KONU KATMA GİRİŞ - TOPİKAL DÖNEM | |
| Topikal Süreli Veya Coğrafi Ad Giriş Elemanı | Çocuk edebiyatı |
| Genel Alt Bölümü | Denemeler |
| Kronolojik Alt Bölümü | Dostluk |
| 650 ## - KONU KATMA GİRİŞ - TOPİKAL DÖNEM | |
| Topikal Süreli Veya Coğrafi Ad Giriş Elemanı | Çocuk edebiyatı |
| Genel Alt Bölümü | Denemeler |
| Kronolojik Alt Bölümü | Sevgi |
| 650 ## - KONU KATMA GİRİŞ - TOPİKAL DÖNEM | |
| Topikal Süreli Veya Coğrafi Ad Giriş Elemanı | Çocuk edebiyatı |
| Genel Alt Bölümü | Denemeler |
| Kronolojik Alt Bölümü | Barış |
| 942 ## - EKLENDİ GİRİŞ ELEMANLARI (KOHA) | |
| Sınıflandırma Veya Raf Düzeni Kaynak | |
| Koha Öğesi Türü | Books |
| 999 ## - SİSTEM KONTROL NUMARALARI (KOHA) | |
| Koha Biblionumber | 6428 |
| Koha Biblioitemnumber | 6428 |
| Kalıcı Konum | Mevcut Konum | Edinme Tarihi | Edinim Kaynak | Toplam Check-Out'Lar | Tam Çağrı Numarası | Barkod | Tarih Son Görülme | İtibaren Geçerli Fiyatlar | Koha Öğesi Türü | Kopya Sayısı |
|---|---|---|---|---|---|---|---|---|---|---|
| CHP Kütüphanesi | CHP Kütüphanesi | 12/02/2016 | Bağış | 649.5 H24 2010 | 010098 | 12/02/2016 | 12/02/2016 | Books | ||
| CHP Kütüphanesi | CHP Kütüphanesi | 12/15/2016 | Bağış | 649.5 H24 2010 | 011597 | 12/15/2016 | 12/15/2016 | Books | k.2 |
